[Event "European Youth Chess Championship B18"]
[Site "Prague, Top Hotel Prague"]
[Date "2012.08.21"]
[Round "5.1"]
[White "Moiseenko, Vadim"]
[Black "Dragun, Kamil"]
[Result "1-0"]
[WhiteElo "2454"]
[BlackElo "2465"]
[PlyCount "0"]
[EventDate "2012.08.17"]

1. e4 {[%clk 1:30:58]} c5 {[%clk 1:30:52]} 2. f4 {[%clk 1:31:21]} Nc6
{[%clk 1:30:52]} 3. Nf3 {[%clk 1:31:45]} g6 {[%clk 1:31:16]} 4. Bb5
{[%clk 1:32:10]} Bg7 {[%clk 1:30:25]} 5. O-O {[%clk 1:32:19]} e6 {[%clk 1:27:28]}
6. Bxc6 {[%clk 1:32:23]} bxc6 {[%clk 1:27:57]} 7. d3 {[%clk 1:31:39]} Rb8
{[%clk 1:23:30]} 8. e5 {[%clk 1:30:55]} d5 {[%clk 1:09:38]} 9. c4
{[%clk 1:30:04]} Nh6 {[%clk 0:59:07]} 10. Nc3 {[%clk 1:30:06]} f6
{[%clk 0:59:36]} 11. Na4 {[%clk 1:25:58]} O-O {[%clk 0:48:27]} 12. Be3
{[%clk 1:17:51]} d4 {[%clk 0:43:40]} 13. Bd2 {[%clk 1:18:13]} fxe5
{[%clk 0:37:14]} 14. Nxe5 {[%clk 1:14:23]} Qd6 {[%clk 0:36:52]} 15. Qe2
{[%clk 1:14:15]} Nf7 {[%clk 0:36:38]} 16. Rae1 {[%clk 1:12:52]} Nxe5
{[%clk 0:34:11]} 17. fxe5 {[%clk 1:13:12]} Rxf1+ {[%clk 0:34:39]} 18. Qxf1
{[%clk 1:12:43]} Qe7 {[%clk 0:34:02]} 19. Qf4 {[%clk 1:02:42]} Bd7
{[%clk 0:33:39]} 20. Qg3 {[%clk 1:03:05]} Rf8 {[%clk 0:24:51]} 21. Bg5
{[%clk 1:03:16]} Qf7 {[%clk 0:25:20]} 22. h3 {[%clk 1:03:23]} h6 {[%clk 0:25:03]}
23. Bf6 {[%clk 1:00:42]} Rb8 {[%clk 0:23:46]} 24. Bxg7 {[%clk 0:56:04]} Kxg7
{[%clk 0:23:45]} 25. Rf1 {[%clk 0:55:04]} Qe7 {[%clk 0:24:07]} 26. Qf4
{[%clk 0:53:06]} 1-0

[Event "European Youth Chess Championship B18"]
[Site "Prague, Top Hotel Prague"]
[Date "2012.08.21"]
[Round "5.2"]
[White "Gabuzyan, Hovhannes"]
[Black "Danilenko, Dmitriy"]
[Result "1-0"]
[WhiteElo "2488"]
[BlackElo "2395"]
[PlyCount "0"]
[EventDate "2012.08.17"]

1. Nf3 {[%clk 1:30:59]} c5 {[%clk 1:30:51]} 2. c4 {[%clk 1:29:17]} Nf6
{[%clk 1:31:10]} 3. Nc3 {[%clk 1:29:24]} b6 {[%clk 1:31:28]} 4. e4
{[%clk 1:28:42]} d6 {[%clk 1:31:47]} 5. d4 {[%clk 1:29:06]} cxd4 {[%clk 1:32:12]}
6. Nxd4 {[%clk 1:29:31]} Bb7 {[%clk 1:32:37]} 7. f3 {[%clk 1:29:27]} e6
{[%clk 1:32:46]} 8. Be3 {[%clk 1:28:49]} Be7 {[%clk 1:33:10]} 9. Be2
{[%clk 1:29:05]} O-O {[%clk 1:33:25]} 10. O-O {[%clk 1:29:30]} a6
{[%clk 1:33:49]} 11. Qd2 {[%clk 1:26:17]} Qc7 {[%clk 1:34:06]} 12. Rfd1
{[%clk 1:26:27]} Nbd7 {[%clk 1:33:58]} 13. a4 {[%clk 1:23:40]} Ne5
{[%clk 1:29:36]} 14. Rac1 {[%clk 1:22:15]} Rac8 {[%clk 1:29:46]} 15. Qe1
{[%clk 1:18:45]} Qb8 {[%clk 1:28:02]} 16. b3 {[%clk 1:18:41]} Rfe8
{[%clk 1:28:02]} 17. Qf2 {[%clk 1:17:24]} Bd8 {[%clk 1:27:39]} 18. h3
{[%clk 1:15:23]} Bc7 {[%clk 1:26:30]} 19. Bf1 {[%clk 1:05:30]} Ned7
{[%clk 1:20:56]} 20. Kh1 {[%clk 1:02:55]} Kh8 {[%clk 0:57:44]} 21. b4
{[%clk 0:56:15]} Qa8 {[%clk 0:46:49]} 22. Nb3 {[%clk 0:54:31]} d5
{[%clk 0:37:40]} 23. exd5 {[%clk 0:53:51]} exd5 {[%clk 0:38:07]} 24. c5
{[%clk 0:52:32]} bxc5 {[%clk 0:38:04]} 25. bxc5 {[%clk 0:52:42]} Qb8
{[%clk 0:36:15]} 26. Rb1 {[%clk 0:52:30]} Bg3 {[%clk 0:35:52]} 27. Qd2
{[%clk 0:51:18]} Qc7 {[%clk 0:11:11]} 28. Ne2 {[%clk 0:49:26]} Be5
{[%clk 0:11:24]} 29. Ned4 {[%clk 0:48:39]} Nh5 {[%clk 0:10:42]} 30. Bf2
{[%clk 0:27:14]} Ng3+ {[%clk 0:08:07]} 31. Kg1 {[%clk 0:25:24]} Nxf1
{[%clk 0:08:17]} 32. Kxf1 {[%clk 0:24:54]} Ba8 {[%clk 0:08:01]} 33. c6
{[%clk 0:14:55]} Nf6 {[%clk 0:07:03]} 34. Na5 {[%clk 0:12:46]} h6
{[%clk 0:06:24]} 35. Re1 {[%clk 0:11:34]} Nh5 {[%clk 0:04:05]} 36. Rb3
{[%clk 0:03:50]} Bf6 {[%clk 0:02:43]} 37. Kg1 {[%clk 0:02:43]} Kg8
{[%clk 0:01:33]} 38. Rbb1 {[%clk 0:01:09]} Nf4 {[%clk 0:01:06]} 39. Nf5
{[%clk 0:00:41]} Ne2+ {[%clk 0:00:37]} 40. Rxe2 {[%clk 0:30:47]} Rxe2
{[%clk 0:30:59]} 41. Qxe2 {[%clk 0:30:11]} Qxa5 {[%clk 0:31:23]} 42. Nd6
{[%clk 0:28:05]} Rxc6 {[%clk 0:29:17]} 43. Qe8+ {[%clk 0:25:31]} Kh7
{[%clk 0:29:43]} 44. Nxf7 {[%clk 0:25:13]} Qd2 {[%clk 0:25:04]} 45. Qxa8
{[%clk 0:23:48]} Rc1+ {[%clk 0:18:39]} 46. Rxc1 {[%clk 0:23:43]} Qxc1+
{[%clk 0:19:03]} 47. Kh2 {[%clk 0:24:11]} Qc7+ {[%clk 0:19:25]} 48. Bg3
{[%clk 0:24:37]} Qxf7 {[%clk 0:19:50]} 49. Qxa6 {[%clk 0:25:04]} h5
{[%clk 0:20:14]} 50. h4 {[%clk 0:22:56]} Qe7 {[%clk 0:13:18]} 51. Qd3+
{[%clk 0:21:30]} g6 {[%clk 0:13:43]} 52. Qxd5 {[%clk 0:21:56]} Bxh4
{[%clk 0:14:09]} 53. Bd6 {[%clk 0:21:44]} Qd7 {[%clk 0:12:41]} 54. Qd4
{[%clk 0:19:37]} Bf2 {[%clk 0:11:20]} 55. Qf6 {[%clk 0:16:56]} Bh4
{[%clk 0:11:29]} 56. Qf8 {[%clk 0:15:38]} Qe6 {[%clk 0:09:59]} 57. a5
{[%clk 0:14:33]} Bf6 {[%clk 0:10:24]} 58. a6 {[%clk 0:12:29]} Be5+
{[%clk 0:09:38]} 59. Bxe5 {[%clk 0:12:55]} Qxe5+ {[%clk 0:10:04]} 60. f4
{[%clk 0:13:22]} Qe1 {[%clk 0:07:05]} 61. Qf7+ {[%clk 0:13:48]} Kh6
{[%clk 0:07:09]} 62. Qf6 {[%clk 0:14:12]} Kh7 {[%clk 0:05:59]} 63. a7
{[%clk 0:10:47]} Qe8 {[%clk 0:06:24]} 64. Qd6 {[%clk 0:09:24]} Qc8
{[%clk 0:05:01]} 65. Qe7+ {[%clk 0:09:46]} Kh6 {[%clk 0:05:12]} 66. Qe4
{[%clk 0:10:12]} 1-0

[Event "European Youth Chess Championship B18"]
[Site "Prague, Top Hotel Prague"]
[Date "2012.08.21"]
[Round "5.3"]
[White "Moussard, Jules"]
[Black "Mammadov, Zaur"]
[Result "0-1"]
[WhiteElo "2429"]
[BlackElo "2431"]
[PlyCount "0"]
[EventDate "2012.08.17"]

1. d4 {[%clk 1:30:19]} d5 {[%clk 1:30:18]} 2. c4 {[%clk 1:30:43]} c6
{[%clk 1:30:44]} 3. Nf3 {[%clk 1:31:08]} Nf6 {[%clk 1:31:13]} 4. e3
{[%clk 1:31:30]} g6 {[%clk 1:31:37]} 5. Bd3 {[%clk 1:24:13]} Bg7 {[%clk 1:31:52]}
6. O-O {[%clk 1:22:28]} dxc4 7. Bxc4 {[%clk 1:22:50]} O-O {[%clk 1:32:40]} 8. b3
{[%clk 1:08:18]} Nbd7 {[%clk 1:31:24]} 9. Qe2 {[%clk 1:04:17]} a6
{[%clk 1:25:30]} 10. Ba3 {[%clk 1:01:49]} b5 {[%clk 1:17:39]} 11. Bd3
{[%clk 1:02:05]} Nd5 {[%clk 1:18:07]} 12. Rc1 {[%clk 0:59:12]} Bb7
{[%clk 1:15:45]} 13. Nbd2 {[%clk 0:49:47]} b4 {[%clk 1:10:12]} 14. Bb2
{[%clk 0:50:12]} c5 {[%clk 1:10:41]} 15. a3 {[%clk 0:39:35]} cxd4
{[%clk 1:01:07]} 16. Nxd4 {[%clk 0:37:34]} Nc3 {[%clk 0:44:50]} 17. Bxc3
{[%clk 0:32:56]} bxc3 {[%clk 0:45:18]} 18. Ne4 {[%clk 0:31:04]} Ne5
{[%clk 0:42:57]} 19. Bb1 {[%clk 0:28:13]} Nc6 {[%clk 0:41:32]} 20. Nxc6
{[%clk 0:19:36]} Bxc6 {[%clk 0:42:01]} 21. Ra2 {[%clk 0:18:22]} Rc8
{[%clk 0:41:14]} 22. Bd3 {[%clk 0:04:51]} Bd5 {[%clk 0:41:15]} 23. Bc2
{[%clk 0:04:00]} Qb6 {[%clk 0:40:25]} 24. Qe1 {[%clk 0:01:39]} f5
{[%clk 0:37:13]} 25. Ng5 {[%clk 0:01:22]} Qb7 {[%clk 0:31:47]} 26. e4
{[%clk 0:01:31]} fxe4 {[%clk 0:30:57]} 27. Bxe4 {[%clk 0:01:55]} Qxb3
{[%clk 0:30:27]} 28. Rac2 {[%clk 0:01:11]} Bc4 {[%clk 0:25:49]} 29. h4
{[%clk 0:01:18]} Qxa3 {[%clk 0:25:12]} 30. Qd1 {[%clk 0:01:03]} Qd6
{[%clk 0:24:12]} 31. Qg4 {[%clk 0:00:52]} Qf4 {[%clk 0:22:31]} 32. Qxf4
{[%clk 0:00:39]} Rxf4 {[%clk 0:22:59]} 33. g3 {[%clk 0:00:34]} Rff8
{[%clk 0:23:12]} 34. h5 {[%clk 0:00:40]} h6 {[%clk 0:22:12]} 35. Nh3
{[%clk 0:00:35]} g5 {[%clk 0:21:14]} 36. f4 {[%clk 0:00:55]} Be6 {[%clk 0:19:39]}
37. Kh2 {[%clk 0:01:23]} Bxh3 {[%clk 0:18:57]} 38. Kxh3 {[%clk 0:01:52]} gxf4
{[%clk 0:19:26]} 0-1

[Event "European Youth Chess Championship B18"]
[Site "Prague, Top Hotel Prague"]
[Date "2012.08.21"]
[Round "5.4"]
[White "Anton Guijarro, David"]
[Black "Savitskiy, Sergey"]
[Result "1-0"]
[WhiteElo "2526"]
[BlackElo "2368"]
[PlyCount "0"]
[EventDate "2012.08.17"]

1. e4 {[%clk 1:30:49]} e5 {[%clk 1:30:46]} 2. Bc4 {[%clk 1:26:30]} Nf6
{[%clk 1:30:48]} 3. Nc3 {[%clk 1:26:57]} Bc5 {[%clk 1:25:17]} 4. d3
{[%clk 1:26:42]} O-O {[%clk 1:24:04]} 5. Bg5 {[%clk 1:17:16]} h6 {[%clk 1:16:07]}
6. Bh4 {[%clk 1:15:33]} d6 {[%clk 1:13:59]} 7. Nge2 {[%clk 1:10:03]} c6
{[%clk 1:13:38]} 8. O-O {[%clk 1:05:51]} b5 {[%clk 0:59:19]} 9. Bb3
{[%clk 1:05:06]} Nbd7 {[%clk 0:59:24]} 10. Kh1 {[%clk 0:59:38]} a5
{[%clk 0:50:01]} 11. a4 {[%clk 0:55:21]} b4 {[%clk 0:50:00]} 12. Nb1
{[%clk 0:55:44]} Kh8 {[%clk 0:45:08]} 13. Nd2 {[%clk 0:50:36]} Ba7
{[%clk 0:33:34]} 14. Nc4 {[%clk 0:39:43]} Nc5 {[%clk 0:27:26]} 15. f4
{[%clk 0:29:27]} exf4 {[%clk 0:21:49]} 16. Bxf6 {[%clk 0:28:50]} Qxf6
{[%clk 0:21:47]} 17. Nxf4 {[%clk 0:29:00]} Nxb3 {[%clk 0:19:33]} 18. cxb3
{[%clk 0:29:21]} Qd8 {[%clk 0:19:13]} 19. Qh5 {[%clk 0:22:56]} Bd4
{[%clk 0:17:46]} 20. Rf3 {[%clk 0:17:54]} Kh7 {[%clk 0:14:43]} 21. Raf1
{[%clk 0:13:02]} Qg5 {[%clk 0:12:28]} 22. Qxg5 {[%clk 0:11:41]} hxg5
{[%clk 0:12:54]} 23. Ne2 {[%clk 0:12:04]} Bf6 {[%clk 0:13:12]} 24. Nxd6
{[%clk 0:09:07]} Bg4 {[%clk 0:12:45]} 25. Re3 {[%clk 0:09:34]} Bxb2
{[%clk 0:12:05]} 26. Nc4 {[%clk 0:06:53]} Bf6 {[%clk 0:10:26]} 27. e5
{[%clk 0:06:57]} Be7 {[%clk 0:10:49]} 28. Nd4 {[%clk 0:06:56]} Bc5
{[%clk 0:10:15]} 29. Re4 {[%clk 0:07:22]} Bd7 {[%clk 0:09:05]} 30. h3
{[%clk 0:05:48]} Bxd4 {[%clk 0:06:31]} 31. Rxd4 {[%clk 0:06:13]} Be6
{[%clk 0:06:58]} 32. Rd1 {[%clk 0:02:02]} Rfe8 {[%clk 0:06:26]} 33. Rd6
{[%clk 0:01:15]} c5 {[%clk 0:04:18]} 34. Re1 {[%clk 0:00:56]} Red8
{[%clk 0:04:09]} 35. Re4 {[%clk 0:00:53]} Bf5 {[%clk 0:02:22]} 36. Re3
{[%clk 0:01:13]} Be6 {[%clk 0:02:47]} 37. Rxd8 {[%clk 0:01:11]} Rxd8
{[%clk 0:03:07]} 38. Nxa5 {[%clk 0:01:40]} Bf5 {[%clk 0:02:22]} 39. Nb7
{[%clk 0:01:12]} Rd5 {[%clk 0:02:34]} 40. Nd6 {[%clk 0:31:18]} Bxd3
{[%clk 0:30:53]} 41. Nxf7 {[%clk 0:27:36]} c4 {[%clk 0:26:56]} 42. e6
{[%clk 0:23:14]} Bg6 {[%clk 0:20:16]} 43. bxc4 {[%clk 0:23:20]} Rd1+
{[%clk 0:19:32]} 44. Kh2 {[%clk 0:23:44]} Rb1 {[%clk 0:19:57]} 45. Nxg5+
{[%clk 0:22:45]} Kh6 {[%clk 0:20:20]} 46. Nf7+ {[%clk 0:22:23]} Kh7
{[%clk 0:20:44]} 47. Ng5+ {[%clk 0:18:12]} Kh6 {[%clk 0:21:07]} 48. e7
{[%clk 0:18:36]} Kxg5 {[%clk 0:21:10]} 49. Rg3+ {[%clk 0:19:01]} Kf6
{[%clk 0:21:21]} 50. Rxg6+ {[%clk 0:19:26]} Kxe7 {[%clk 0:21:48]} 51. Rxg7+
{[%clk 0:18:26]} Kd6 {[%clk 0:22:11]} 52. Rg5 {[%clk 0:18:43]} 1-0

[Event "European Youth Chess Championship B18"]
[Site "Prague, Top Hotel Prague"]
[Date "2012.08.21"]
[Round "5.5"]
[White "Forcen Esteban, Daniel"]
[Black "Doros, Radu-Marian"]
[Result "1-0"]
[WhiteElo "2440"]
[BlackElo "2338"]
[PlyCount "0"]
[EventDate "2012.08.17"]

1. e4 {[%clk 1:30:57]} c5 {[%clk 1:30:54]} 2. Nf3 {[%clk 1:31:24]} d6
{[%clk 1:31:13]} 3. d4 {[%clk 1:31:50]} cxd4 {[%clk 1:31:35]} 4. Nxd4
{[%clk 1:32:17]} Nf6 {[%clk 1:31:57]} 5. Nc3 {[%clk 1:32:44]} a6 {[%clk 1:32:17]}
6. Bc4 {[%clk 1:29:04]} e6 {[%clk 1:32:38]} 7. O-O {[%clk 1:29:29]} Be7
{[%clk 1:33:01]} 8. Bb3 {[%clk 1:29:56]} O-O {[%clk 1:31:30]} 9. f4
{[%clk 1:30:05]} Nbd7 {[%clk 1:29:18]} 10. Kh1 {[%clk 1:17:22]} Nc5
{[%clk 1:19:17]} 11. e5 {[%clk 1:17:09]} dxe5 {[%clk 1:19:24]} 12. fxe5
{[%clk 1:17:38]} Nfd7 {[%clk 1:19:39]} 13. Bf4 {[%clk 1:17:41]} Bg5
{[%clk 1:16:08]} 14. Qh5 {[%clk 1:09:21]} Bxf4 15. Rxf4 {[%clk 1:09:28]} b5
{[%clk 0:37:23]} 16. Raf1 {[%clk 0:38:19]} Qe7 {[%clk 0:33:54]} 17. Rh4
{[%clk 0:36:33]} h6 {[%clk 0:34:12]} 18. Rg4 {[%clk 0:36:56]} Nxb3
{[%clk 0:20:43]} 19. Nc6 {[%clk 0:37:09]} 1-0

[Event "European Youth Chess Championship B18"]
[Site "Prague, Top Hotel Prague"]
[Date "2012.08.21"]
[Round "5.6"]
[White "Zhou, Yang-Fan"]
[Black "Meskovs, Nikita"]
[Result "0-1"]
[WhiteElo "2430"]
[BlackElo "2347"]
[PlyCount "0"]
[EventDate "2012.08.17"]

1. e4 {[%clk 1:30:58]} c5 {[%clk 1:30:51]} 2. Nf3 {[%clk 1:31:25]} e6
{[%clk 1:31:15]} 3. d4 {[%clk 1:31:52]} cxd4 {[%clk 1:31:39]} 4. Nxd4
{[%clk 1:32:18]} a6 {[%clk 1:32:04]} 5. Nc3 {[%clk 1:32:43]} Qc7 {[%clk 1:32:29]}
6. Bd3 {[%clk 1:32:45]} Nf6 {[%clk 1:32:52]} 7. O-O {[%clk 1:33:07]} d6
{[%clk 1:33:14]} 8. a4 {[%clk 1:29:38]} b6 {[%clk 1:33:07]} 9. f4
{[%clk 1:29:18]} Bb7 {[%clk 1:32:39]} 10. Kh1 {[%clk 1:28:52]} Nbd7
{[%clk 1:32:24]} 11. Qe2 {[%clk 1:28:48]} h5 {[%clk 1:30:19]} 12. Nf3
{[%clk 1:12:04]} h4 {[%clk 1:19:52]} 13. Ng5 {[%clk 1:00:06]} Be7
{[%clk 1:15:28]} 14. Bd2 {[%clk 0:57:14]} Nc5 {[%clk 1:09:32]} 15. b4
{[%clk 0:49:26]} Ncd7 {[%clk 1:00:01]} 16. Rae1 {[%clk 0:47:14]} Nh5
{[%clk 0:48:35]} 17. Qg4 {[%clk 0:40:34]} Nhf6 {[%clk 0:47:21]} 18. Qe2
{[%clk 0:40:56]} Nh5 {[%clk 0:47:18]} 19. Qg4 {[%clk 0:36:24]} Nhf6
{[%clk 0:47:10]} 20. Qh3 {[%clk 0:36:46]} Ng8 {[%clk 0:46:26]} 21. Nf3
{[%clk 0:29:22]} Bf6 {[%clk 0:43:18]} 22. Nd1 {[%clk 0:21:50]} Ne7
{[%clk 0:42:20]} 23. Ne3 {[%clk 0:22:16]} Bc3 {[%clk 0:39:56]} 24. Bxc3
{[%clk 0:20:46]} Qxc3 {[%clk 0:40:14]} 25. Nc4 {[%clk 0:20:45]} Qxb4
{[%clk 0:39:40]} 26. e5 {[%clk 0:20:07]} Nf5 {[%clk 0:39:24]} 27. exd6
{[%clk 0:16:09]} g6 {[%clk 0:38:11]} 28. Nfe5 {[%clk 0:15:09]} Nxe5
{[%clk 0:37:53]} 29. fxe5 {[%clk 0:14:18]} Rh5 {[%clk 0:37:22]} 30. Rb1
{[%clk 0:13:25]} Qc5 {[%clk 0:37:31]} 31. d7+ {[%clk 0:11:45]} Kd8
{[%clk 0:37:25]} 32. Bxf5 {[%clk 0:10:55]} gxf5 {[%clk 0:37:40]} 33. Nd6
{[%clk 0:10:34]} Bc6 {[%clk 0:33:34]} 34. Rfd1 {[%clk 0:11:02]} Ke7
{[%clk 0:32:52]} 35. Nc8+ {[%clk 0:11:13]} Kd8 {[%clk 0:33:05]} 36. Nd6
{[%clk 0:11:15]} Ke7 {[%clk 0:33:12]} 37. Nc8+ {[%clk 0:06:05]} Kd8
{[%clk 0:33:22]} 38. Nd6 {[%clk 0:03:33]} Rh7 {[%clk 0:33:50]} 39. Qb3
{[%clk 0:00:57]} Rb8 {[%clk 0:30:07]} 40. h3 {[%clk 0:31:12]} Qf2
{[%clk 0:59:04]} 41. Rg1 {[%clk 0:30:25]} Rg7 {[%clk 0:59:05]} 42. Nxf7+
{[%clk 0:29:53]} Ke7 {[%clk 0:58:20]} 43. d8=Q+ {[%clk 0:19:28]} Rxd8
{[%clk 0:58:35]} 44. Qxe6+ {[%clk 0:19:51]} Kxe6 {[%clk 0:58:26]} 45. Nxd8+
{[%clk 0:20:16]} Kd7 {[%clk 0:56:55]} 46. Rbd1+ {[%clk 0:20:35]} Kc7
{[%clk 0:56:36]} 47. Ne6+ {[%clk 0:21:00]} Kc8 {[%clk 0:56:58]} 48. Nxg7
{[%clk 0:17:10]} Qg3 {[%clk 0:57:03]} 0-1

[Event "European Youth Chess Championship B18"]
[Site "Prague, Top Hotel Prague"]
[Date "2012.08.21"]
[Round "5.8"]
[White "Horvat, Dan-Sebastian"]
[Black "Sochacki, Christophe"]
[Result "0-1"]
[WhiteElo "2242"]
[BlackElo "2412"]
[PlyCount "0"]
[EventDate "2012.08.17"]

1. e4 {[%clk 1:30:56]} Nf6 {[%clk 1:30:49]} 2. e5 {[%clk 1:31:12]} Nd5
{[%clk 1:31:14]} 3. d4 {[%clk 1:31:29]} d6 {[%clk 1:31:40]} 4. c4
{[%clk 1:31:37]} Nb6 {[%clk 1:32:04]} 5. exd6 {[%clk 1:31:41]} exd6
{[%clk 1:32:29]} 6. Nc3 {[%clk 1:31:22]} Be7 {[%clk 1:32:43]} 7. Bd3
{[%clk 1:31:10]} O-O {[%clk 1:32:24]} 8. Nge2 {[%clk 1:31:15]} Nc6
{[%clk 1:32:29]} 9. O-O {[%clk 1:30:44]} Re8 {[%clk 1:32:56]} 10. b3
{[%clk 1:29:11]} Bg5 {[%clk 1:33:19]} 11. Bd2 {[%clk 1:20:04]} Bg4
{[%clk 1:28:09]} 12. Qc1 {[%clk 1:18:59]} Bf6 {[%clk 1:07:04]} 13. Be3
{[%clk 1:18:24]} Nb4 {[%clk 1:05:13]} 14. Qd2 {[%clk 0:58:33]} Nxd3 15. Qxd3
{[%clk 0:59:01]} d5 {[%clk 0:54:47]} 16. c5 {[%clk 0:59:19]} Nc8 {[%clk 0:55:11]}
17. f3 {[%clk 0:46:57]} Bf5 {[%clk 0:42:53]} 18. Qd2 {[%clk 0:47:18]} c6
{[%clk 0:40:16]} 19. g4 {[%clk 0:39:30]} Bd7 {[%clk 0:37:46]} 20. Ng3
{[%clk 0:39:36]} g6 {[%clk 0:30:06]} 21. Rfe1 {[%clk 0:39:44]} Be6
{[%clk 0:26:25]} 22. b4 {[%clk 0:39:23]} Qd7 {[%clk 0:26:31]} 23. Bf4
{[%clk 0:30:20]} Bg7 {[%clk 0:26:26]} 24. a4 {[%clk 0:26:55]} b6 {[%clk 0:25:49]}
25. a5 {[%clk 0:24:55]} b5 {[%clk 0:24:29]} 26. Re2 {[%clk 0:25:15]} Qd8
{[%clk 0:22:00]} 27. Rae1 {[%clk 0:20:37]} Bd7 {[%clk 0:11:00]} 28. Rxe8+
{[%clk 0:11:51]} Bxe8 {[%clk 0:11:27]} 29. Qe3 {[%clk 0:12:07]} Bd7
{[%clk 0:11:39]} 30. Nd1 {[%clk 0:12:00]} f6 {[%clk 0:09:54]} 31. h4
{[%clk 0:12:24]} Kf7 {[%clk 0:09:58]} 32. Nf2 {[%clk 0:11:42]} Qe8
{[%clk 0:08:07]} 33. Qd2 {[%clk 0:11:22]} Qh8 {[%clk 0:07:34]} 34. Nd3
{[%clk 0:09:58]} h6 {[%clk 0:08:01]} 35. Bc7 {[%clk 0:08:42]} g5 {[%clk 0:04:53]}
36. Nf5 {[%clk 0:07:41]} Bf8 {[%clk 0:05:17]} 37. Qe3 {[%clk 0:05:55]} Qh7
{[%clk 0:05:42]} 38. Bd6 {[%clk 0:04:53]} Nxd6 {[%clk 0:05:38]} 39. Nxd6+
{[%clk 0:03:58]} Kg8 {[%clk 0:05:44]} 40. h5 {[%clk 0:34:14]} a6 {[%clk 0:31:55]}
41. Nf2 {[%clk 0:27:38]} Qc2 {[%clk 0:26:27]} 42. f4 {[%clk 0:23:55]} Qh7
{[%clk 0:18:26]} 43. f5 {[%clk 0:23:29]} Bxd6 {[%clk 0:11:53]} 44. cxd6
{[%clk 0:23:50]} Qf7 {[%clk 0:12:16]} 45. Qg3 {[%clk 0:13:05]} Re8
{[%clk 0:12:33]} 46. Nd3 {[%clk 0:12:15]} Rxe1+ {[%clk 0:07:16]} 47. Qxe1
{[%clk 0:12:36]} Qf8 {[%clk 0:07:43]} 48. Qg3 {[%clk 0:12:49]} Bc8
{[%clk 0:07:58]} 49. Nc5 {[%clk 0:12:03]} Qe8 {[%clk 0:05:53]} 50. Kf2
{[%clk 0:12:22]} Kf7 {[%clk 0:06:18]} 51. d7 {[%clk 0:07:00]} Bxd7
{[%clk 0:06:44]} 52. Qc7 {[%clk 0:07:20]} Ke7 {[%clk 0:06:59]} 53. Nxa6
{[%clk 0:07:37]} Qc8 {[%clk 0:06:02]} 54. Qa7 {[%clk 0:05:05]} Kf8
{[%clk 0:05:56]} 55. Qc5+ {[%clk 0:04:28]} Ke8 {[%clk 0:05:50]} 56. Qd6
{[%clk 0:03:11]} Qxa6 {[%clk 0:06:12]} 57. Qxf6 {[%clk 0:03:36]} Qa7
{[%clk 0:05:23]} 58. Ke3 {[%clk 0:04:05]} Qc7 {[%clk 0:04:55]} 59. Qh8+
{[%clk 0:03:33]} Ke7 {[%clk 0:04:33]} 60. Qe5+ {[%clk 0:03:18]} Qxe5+
{[%clk 0:04:04]} 61. dxe5 {[%clk 0:03:46]} c5 {[%clk 0:04:29]} 62. bxc5
{[%clk 0:02:57]} b4 {[%clk 0:03:56]} 63. a6 {[%clk 0:02:49]} b3 {[%clk 0:03:53]}
64. Kd2 {[%clk 0:01:31]} d4 {[%clk 0:04:16]} 65. a7 {[%clk 0:00:51]} Bc6
{[%clk 0:04:44]} 66. Kd3 {[%clk 0:00:43]} Ba8 {[%clk 0:05:05]} 67. e6
{[%clk 0:00:39]} Kf6 {[%clk 0:05:07]} 68. c6 {[%clk 0:00:38]} Bxc6
{[%clk 0:05:32]} 69. Kd2 {[%clk 0:00:35]} Be4 {[%clk 0:05:57]} 70. Kc1
{[%clk 0:00:37]} d3 {[%clk 0:06:24]} 71. Kd2 {[%clk 0:00:47]} b2 {[%clk 0:06:48]}
0-1

[Event "European Youth Chess Championship B18"]
[Site "Prague, Top Hotel Prague"]
[Date "2012.08.21"]
[Round "5.9"]
[White "Horvath, David"]
[Black "Abbasov, Amil"]
[Result "1/2-1/2"]
[WhiteElo "2376"]
[BlackElo "2209"]
[PlyCount "0"]
[EventDate "2012.08.17"]

1. d4 {[%clk 1:30:56]} Nf6 {[%clk 1:30:36]} 2. c4 {[%clk 1:31:07]} c5
{[%clk 1:30:26]} 3. d5 {[%clk 1:31:23]} e6 {[%clk 1:30:35]} 4. Nc3
{[%clk 1:31:44]} exd5 {[%clk 1:30:40]} 5. cxd5 {[%clk 1:32:03]} Bd6
{[%clk 1:29:54]} 6. Nf3 {[%clk 1:27:20]} O-O {[%clk 1:29:32]} 7. g3
{[%clk 1:26:00]} Bc7 {[%clk 1:27:44]} 8. Bg2 {[%clk 1:25:06]} d6 {[%clk 1:27:31]}
9. O-O {[%clk 1:23:16]} a6 {[%clk 1:25:36]} 10. a4 {[%clk 1:19:44]} Nbd7
{[%clk 1:25:01]} 11. h3 {[%clk 1:07:50]} Re8 {[%clk 1:20:58]} 12. Bf4
{[%clk 0:56:00]} Nf8 {[%clk 1:13:45]} 13. Qd3 {[%clk 0:48:21]} Ng6
{[%clk 1:10:52]} 14. Bg5 {[%clk 0:44:54]} h6 {[%clk 1:03:52]} 15. Bxf6
{[%clk 0:39:29]} Qxf6 {[%clk 1:04:04]} 16. e4 {[%clk 0:39:44]} Bd7
{[%clk 0:59:54]} 17. Nd2 {[%clk 0:35:56]} Ba5 {[%clk 0:43:44]} 18. Nc4
{[%clk 0:30:44]} Ne5 {[%clk 0:43:50]} 19. Nxe5 {[%clk 0:30:06]} Qxe5
{[%clk 0:43:39]} 20. Kh2 {[%clk 0:28:32]} Bxc3 {[%clk 0:32:49]} 21. bxc3
{[%clk 0:27:41]} f5 {[%clk 0:28:35]} 22. f4 {[%clk 0:22:01]} Qf6 {[%clk 0:26:16]}
23. a5 {[%clk 0:14:12]} fxe4 {[%clk 0:15:11]} 24. Bxe4 {[%clk 0:14:21]} Re7
{[%clk 0:15:11]} 25. Rae1 {[%clk 0:11:11]} Rae8 {[%clk 0:13:06]} 26. Re2
{[%clk 0:09:34]} Bf5 {[%clk 0:07:56]} 27. Rfe1 {[%clk 0:09:46]} Rxe4
{[%clk 0:06:47]} 28. Rxe4 {[%clk 0:10:00]} Rxe4 {[%clk 0:06:49]} 29. Rxe4
{[%clk 0:10:22]} Bxe4 {[%clk 0:07:05]} 30. Qxe4 {[%clk 0:10:43]} Qxc3
{[%clk 0:07:19]} 31. Qe8+ {[%clk 0:10:28]} Kh7 {[%clk 0:07:44]} 32. Qe4+
{[%clk 0:10:52]} Kh8 {[%clk 0:07:32]} 33. Qe8+ {[%clk 0:11:01]} Kh7
{[%clk 0:07:57]} 34. Qe4+ {[%clk 0:11:25]} Kh8 {[%clk 0:08:22]} 35. Qe8+
{[%clk 0:11:48]} Kh7 {[%clk 0:08:47]} 36. Qe4+ {[%clk 0:12:13]} Kh8
{[%clk 0:09:08]} 37. Qe8+ {[%clk 0:12:38]} Kh7 {[%clk 0:08:55]} 38. Qe4+
{[%clk 0:13:02]} 1/2-1/2